000
00316 a2200145 4500
001
166131
020
_a
040
_c
Magnum
100
_a
Kunz, Elenor
240
1
0
_a
Educacao fisica: ensino e mudancas
_l
por
245
1
0
_a
Educacao fisica: ensino e mudancas
362
0
_a
1899
697
_a
ENSINO
942
_c
BK
999
_c
166131
_d
166131